000 00667cam a2200205 a 4500
001 000018038
005 20200929165329.0
008 720330s1967 sp 000 f spa d
040 _aDO-SdBNP
_bspa
_dBNPHU
082 _a863.6
_bB191c
100 1 _aBallesteros, Mercedes.
_d1913-1995
_939109
245 1 3 _aEl chico /
_cMercedes Ballesteros.
260 _aBarcelona :
_bDestino,
_c1967.
300 _a185 p. ;
_c19 cm.
490 1 _aÁncora y Delfín,
_v284
505 0 _aEl chico. Primera parte -- Segunda parte -- Eclipse de tierra.
650 4 _aNovela española
_91123
650 4 _aLiteratura española
_ySIGLO XX
_93326
830 0 _aÁncora y Delfín,
_v284
_95000
999 _c17560
_d17560